• 首页
  • 本馆介绍
  • 公告通知
  • 最新文献
  • 馆藏检索
  • 电子资源
  • 读者导购
  • 参考咨询
  • 我的图书馆
  • 登录
  • 详细信息显示
  • 放入我的书架
  • 预约/预借图书
  • 作者相关作品
  • 分类相关作品
  • 丛书相关作品
  • 出版社相关作品

书目信息

  • 表格格式
  • 工作单格式
  • 卡片格式
题名:
钢琴即兴伴奏实用教程
    
 
作者: 徐慧林 , 林棣华 著
分册:  
出版信息: 北京   人民音乐出版社  1990
页数: 169页
开本: 20cm
丛书名:
单 册:
中图分类: J624.1
科图分类:
主题词: 钢琴--奏法
电子资源:
ISBN: 7-103-00671-7
000 00603nam0 2200205 45
001 0107101562
005 20041122163611.6
010    @a7-103-00671-7@dCNY9.60
100    @a20010710d1990 km y0chiy0120 ea
101 0  @achi
105    @a z 000yy
200 1  @a钢琴即兴伴奏实用教程@AGang Qin Ji Xing Ban Zou Shi Yong Jiao Cheng@f徐慧林,林棣华著@FXu Hui Lin,Lin Di Hua Zhu
210    @a北京@c人民音乐出版社@d1990
215    @a169页@d20cm
606 0  @a钢琴@x奏法
690    @aJ624.1@v3
701  0 @a徐慧林@4著
701  0 @a林棣华@4著
801    @aCN@bTSTC@c20010710
905    @b313658-664@dJ624.1@e102@f7
    
    钢琴即兴伴奏实用教程/徐慧林,林棣华著.-北京:人民音乐出版社,1990
    169页;20cm
    
    
    ISBN 7-103-00671-7:CNY9.60
    
●
相关链接 在E读中查询图书 在五车中查询图书 在当当中查询图书 在豆瓣中查询图书


正题名:钢琴即兴伴奏实用教程     索取号:J624.1/102         预约/预借

序号 登录号 条形码 馆藏地/架位号 状态 备注
1 0313658   203136588   第一借阅区/ [索取号:J624.1/102] 在馆    
2 0313659   203136597   第一借阅区/ [索取号:J624.1/102] 在馆    
3 0313660   203136604   第一借阅区/ [索取号:J624.1/102] 在馆    
4 0313661   203136613   第一借阅区/ [索取号:J624.1/102] 在馆    
5 0313662   203136622   第一借阅区/ [索取号:J624.1/102] 在馆    
6 0313663   203136631   第一借阅区/ [索取号:J624.1/102] 在馆    
7 0313664   203136640   第一样本阅览室/ [索取号:J624.1/102] 在馆    
8 0325132   203251328   第一借阅区/ [索取号:J624.1/102] 在馆    
9 0325133   203251337   第一借阅区/ [索取号:J624.1/102] 在馆    
10 0325134   203251346   第一借阅区/ [索取号:J624.1/102] 在馆    
11 0325135   203251355   第一借阅区/ [索取号:J624.1/102] 在馆    
12 0325136   203251364   第一借阅区/ [索取号:J624.1/102] 在馆    
唐山师范学院图书馆 欢迎您!
大连网信软件有限公司© 版权所有